| 000 | 00394nam a2200157Ia 4500 | ||
|---|---|---|---|
| 008 | 240729s9999 xx 000 0 und d | ||
| 022 | _a1973-2201 | ||
| 245 | 0 | _aStatistica | |
| 260 | _aItaly | ||
| 260 | _bUniversity of Bologna | ||
| 650 | _a Statistics | ||
| 650 | _aSocial Sciences | ||
| 856 | _uhttps://doaj.org/toc/01eaee154d4b47f79abf421b0cd3eb20 | ||
| 942 | _2ddc | ||
| 942 | _cDOAJEJ | ||
| 999 |
_c66535 _d66535 |
||
| 945 |
_a1 _bMadushi Gamage _c1 _dMadushi Gamage |
||